000 00561nam a2200181Ia 4500
008 100920s9999 xx 000 0 und d
082 _b18443
_a910 थ 67
100 _aपारगावकर वि. शं.
245 _aपूर्वदर्शन.
260 _bसुबोध प्रकाशन, पुणे.
_c1967
300 _a128
_bसाधी
365 _b4
520 _aभू.प्र.
630 _aपूर्वदर्शन.
650 _aभू.प्र.
730 _aपूर्वदर्शन.
942 _cBOOK
999 _c680093
_d680090